000 00525nam a2200145 4500
999 _c14690
_d14690
008 191022b ||||| |||| 00| 0 eng d
022 _a03080587
082 _aDPer 420.5 M72 Apr-Oct 2011 v. 20, n. 2-4
100 _940531
_aFielder, Clare.
245 _aPositive feedback in the english language classroom/
_cClare Fielder.
260 _aChichester, West Sussex:
_bPavilion Publishing,
_c©2011.
300 _av20 n4, pages 63-66:
_bcolor illustrations;
_c30 cm.
650 _aLanguage and languages
_940773
942 _2ddc
_cPER